00813nam a2200229 a 450000100060000000300080000600500170001400800390003103500190007004000380008904100080012708200200013510000270015524500670018226000410024930000310029050400510032160000650037265000480043765000430048565100550052876555BD-RjUL20211209082847.0191219s1962 enka b 001 0 eng a(BD-RjUL)76779 aDLCcOUdOCoLCdDLCdBD-RjULbeng aeng a813.4bEDH 19621 aEdel, Leond1907-1997.10aHenry James :pThe conquest of London, 1870-1883 /bLeon Edel. aLondon : bRupert Hart-Davis, c1962 a528 p. :billus. ;c22 cm. aIncludes Index and bibliographical references.10aJames, Henry,d1843-1916xHomes and hauntszEnglandzLondon. 0aAuthors, Americany19th centuryvBiography. 0aAmericanszEnglandzLondonvBiography. 0aLondon (England)xIntellectual lifey19th century.